ბათუმის შოთა რუსთაველის სახელმწიფო უნივერსიტეტის ბიბლიოთეკა

Machiavelli's children : (ბიბ.ჩანაწერი № 63950)

000 -LEADER
fixed length control field 00736nam a22001937a 4500
005 - DATE AND TIME OF LATEST TRANSACTION
control field 20260226151936.0
008 - FIXED-LENGTH DATA ELEMENTS--GENERAL INFORMATION
fixed length control field 260226s2005 enk||||| |||| 00| 0 eng d
020 ## - INTERNATIONAL STANDARD BOOK NUMBER
International Standard Book Number 9780801489822x
041 ## - LANGUAGE CODE
Language code of text/sound track or separate title eng
080 ## - UNIVERSAL DECIMAL CLASSIFICATION NUMBER
Universal Decimal Classification number 32.001(45:520) S-19
100 ## - MAIN ENTRY--PERSONAL NAME
Personal name Samuels, Richard J.
9 (RLIN) 26993
245 ## - TITLE STATEMENT
Title Machiavelli's children :
Remainder of title leaders a. their legacies in Italy a. Japan /
Statement of responsibility, etc. Richard J. Samuels.
264 ## - PRODUCTION, PUBLICATION, DISTRIBUTION, MANUFACTURE, AND COPYRIGHT NOTICE
Place of production, publication, distribution, manufacture London :
Name of producer, publisher, distributor, manufacturer Cornell Univ. press.,
Date of production, publication, distribution, manufacture, or copyright notice 2003.
300 ## - PHYSICAL DESCRIPTION
Extent 456 p. :
Other physical details ill. ;
Dimensions 24 cm.
500 ## - GENERAL NOTE
General note Bibliogr.: p. 411-444.
653 ## - INDEX TERM--UNCONTROLLED
keyword პოლიტიკური ლიდერი იაპონიაში
653 ## - INDEX TERM--UNCONTROLLED
keyword პოლიტიკური ლიდერი იტალიაში
942 ## - ADDED ENTRY ELEMENTS (KOHA)
Source of classification or shelving scheme
Koha item type წიგნი
ეგზემპლარები
Withdrawn status Lost status Source of classification or shelving scheme Damaged status Not for loan Permanent Location Current Location Shelving location Date acquired Cost, normal purchase price Full call number Barcode Date last seen Copy number Uniform Resource Identifier Price effective from Koha item type Public note
          ბათუმის შოთა რუსთაველის სახელმწიფო უნივერსიტეტის მთავარი ბიბლიოთეკა ბათუმის შოთა რუსთაველის სახელმწიფო უნივერსიტეტის მთავარი ბიბლიოთეკა წიგნსაცავი 2026-02-26 12.00 32.001(45:520) S-19 73833 2026-02-26 73833 იაპონიის ელჩის საჩუქარი 2026-02-26 წიგნი 12 ლ.